Roman Client States - Statistics

General Stats
  • This quiz has been taken 17 times
  • The average score is 5 of 14
Answer Stats
Ruler Client State % Correct
Herod the Great Kingdom of {Judea}
87%
Tigranes III Kingdom of {Armenia}
80%
Pharnaces II Kingdom of {Pontus}
60%
Juba II Kingdom of {Numidia}
53%
Parthamaspates Parthia
40%
Asander {Bosporan} Kingdom
33%
Rhoemetalces III {Thracian} Kingdom
33%
Ariarathes X Kingdom of {Cappadocia}
27%
Julia Urania Kingdom of {Mauretania}
27%
Archelaus Kingdom of {Cilicia}
20%
Aristobulus Minor Kingdom of {Emesa}
7%
Demetrius Pharos
7%
Aristobulus V Kingdom of {Chalcis}
0%
Antiochus IV Kingdom of {Commagene}
0%
No matching quizzes found
Score Distribution
Percent of People with Each Score
Percentile by Number Answered
Your Score History
You have not taken this quiz